=LDR 00000nam 2200000 4500 =001 INLIS000000000032060 =005 20250320010207 =035 ##$$a 0010-061300000032060 =008 250320################g##########0#ind## =041 ##$$a ind =082 ##$$a 346 =090 ##$$a R.346, Sub k =100 ##$$a SUBEKTI, R, Prof, SH =245 1#$$a Kitab Undang-undang hukum Perdata, Burgelizk Wetboek dengan tambahan undang-undang pokok agraria, undang-undang perkawinan, /$c Prof.R Subekti, SH, R.Citrosudibio =260 ##$$a 2009 :$b Jakarta =300 ##$$a xxv, 577 hlm, 19 cm =650 #4$$a Hukum Perdata =700 #$$a Citrosudibio, R =850 ##$$a NBPNMAT =084 ##$$a 346 SUB k =990 ##$$a 03510351